Nafthat-Ul-Masdoor Aur Hindustan Ki Shari Haisiyat. (Record no. 196)

MARC details
000 -LEADER
fixed length control field 00651nam a2200241 a 4500
020 ## - INTERNATIONAL STANDARD BOOK NUMBER
ISBN
082 00 - DEWEY DECIMAL CLASSIFICATION NUMBER
Classification number 305.6945097
Author Cutter AKB
100 ## - MAIN ENTRY--AUTHOR NAME
Author name Akbarabadi, Said Ahmad
245 ## - TITLE STATEMENT
Title Nafthat-Ul-Masdoor Aur Hindustan Ki Shari Haisiyat.
260 ## - PUBLICATION, DISTRIBUTION, ETC. (IMPRINT)
Place of publication Aligarh
Name of publisher Aligarh Muslim University
Year of publication 1968
300 ## - PHYSICAL DESCRIPTION
Number of Pages 104p
500 ## - GENERAL NOTE
General note includes index and biblioraphy
505 2# - FORMATTED CONTENTS NOTE
Formatted contents note light of islam series no.4
650 ## - SUBJECT ADDED ENTRY--TOPICAL TERM
Topical Term Islam-Relations India
942 ## - ADDED ENTRY ELEMENTS (KOHA)
Koha item type
700 1# -
-- Akbarabadi, Said Ahmad
Holdings
Home library Current library Date acquired Cost, normal purchase price Full call number Accession Number Koha item type
Henry Martyn Institute Library Henry Martyn Institute Library 03/29/2007 100.00 305.6945097 AKB 03477 E-Books
                   Copyright © 2026 | Henry Martyn Institute | Hyderabad | TS-500052 | INDIA | Implemented by hmi.edu.in
Hit-Count:

Powered by Koha